| 000 | 00607nam a2200181 a 4500 | ||
|---|---|---|---|
| 999 |
_c4414 _d4414 |
||
| 001 | 4414 | ||
| 003 | CDMR | ||
| 005 | 20231109161435.0 | ||
| 008 | 130130s1999||||||||||||||||||||||||||||d | ||
| 020 | _a8493117919 | ||
| 040 |
_aCDMR _bcat _cCDMR |
||
| 245 | 0 |
_aEn antena _b: 75 anys de ràdio a Espanya _c; [coordinació i redacció: Armand Balsebre, Serveis de Documentació de la Cadena SER] |
|
| 260 |
_aBarcelona : _bPromotora General de Revistas, _c1999 |
||
| 300 |
_a258 p. _e+ 2 discs sonors (CD) |
||
| 650 | 0 |
_91720 _aRadiodifusió _zEspanya _vHistòria |
|
| 700 | 1 |
_9762 _aBalsebre, Armand |
|
| 942 |
_cMON _2udc |
||